Harry Potter Trivia #N - Statistics

General Stats
  • This quiz has been taken 37 times
  • The average score is 11 of 15
Answer Stats
Hint Answer % Correct
His parents were tortured to insanity, grew up with his grandmother Neville Longbottom
100%
Voldemorts pet snake Nagini
97%
Gryffindor House Ghost Nearly-Headless Nick
97%
The Hogwarts Express leaves from this Platform Nine and Three Quarters
97%
Tonks' first name is Nymphadora
94%
Broom giftet to Harry by Professor McGonagall Nimbus 2000
91%
Voldemort famously has no __ Nose
91%
Filch's cat is called: Mrs. __ Norris
85%
Name of Hagrids Dragon Norbert (a)
73%
Test students take to graduate from Hogwarts NEWT
67%
Luna and her father believe in the existence of these creatures, known to infest Mistletoes Nargles
61%
Creature useful when looking for treasure Niffler
39%
Slytherin student, refered to by his last name. His father is a Death Eater. Theodore Nott
30%
__. Blubber. Oddment. Tweak. -Dumbledore Nitwit
27%
Prison build by Grindelwald, in which he ends up himself after being beaten by Dumbledore Nurmengard
21%
No matching quizzes found
Score Distribution
Percent of People with Each Score
Percentile by Number Answered
Your Score History
You have not taken this quiz